000 00780nam a22002417a 4500
001 BR7909311
003 BR-BrBNA
005 20230928090455.0
007 ta
008 230509b bl.||||| |||| 00| 0 por d
040 _aBR-BrBNA
_bpor
_cBiblioteca Nacional de Agricultura
041 _a(Por)
072 _aE14
_b/G514
090 _ E14 BR7909311
110 1 _aCamara dos Deputados, Brasilia, DF (Brasil)
_91314
245 1 _aComissao parlamentar de inquerito destinada a proceder a avaliacao critica da problematica da agropecuaria no Brasil. 17. Reuniao realizada em 20.10.79
260 3 _aBrasilia, DF (Brasil):
_c1979.
300 _a102 p.
650 _aPOLITICA AGRICOLA
650 _aDESENVOLVIMENTO AGRICOLA
909 _a202309
_bLucia
_c55
_dLucia Elande
942 _cBK
999 _c28994
_d28994